Drawn Flags #5 - Statistics

General Stats
  • This quiz has been taken 24 times
  • The average score is 36 of 39
Answer Stats
Picture Answer % Correct
Bangladesh
100%
Bulgaria
100%
Iran
100%
Italy
100%
Jordan
100%
Kenya
100%
Morocco
100%
Oman
100%
Pakistan
100%
Peru
100%
Portugal
100%
Qatar
100%
St. Kitts & Nevis
100%
Syria
100%
Turkmenistan
100%
United Arab Emirates
100%
Zambia
100%
Algeria
94%
Burundi
94%
Eritrea
94%
Libya
94%
Madagascar
94%
Maldives
94%
Sudan
94%
Dominica
88%
Lebanon
88%
Mexico
88%
Nigeria
88%
Saudi Arabia
88%
Suriname
88%
Belarus
82%
Burkina Faso
82%
Hungary
82%
Iraq
82%
Kuwait
82%
Malawi
82%
Mauritania
82%
Tajikistan
82%
Equatorial Guinea
76%
No matching quizzes found
Score Distribution
Percent of People with Each Score
Percentile by Number Answered
Your Score History
You have not taken this quiz